Dynamics of labour relations in India (Record no. 340667)

000 -LEADER
fixed length control field 00344cam a22001217a 4500
008 - FIXED-LENGTH DATA ELEMENTS--GENERAL INFORMATION
fixed length control field 180718b1972 xxu||||| |||| 00| 0 eng d
082 ## - DEWEY DECIMAL CLASSIFICATION NUMBER
Classification number R71x54 Ag15
100 ## - MAIN ENTRY--PERSONAL NAME
Personal name Agarwal, R. D.
245 ## - TITLE STATEMENT
Title Dynamics of labour relations in India
Statement of responsibility, etc. by R.D. Agarwal
260 ## - PUBLICATION, DISTRIBUTION, ETC.
Place of publication, distribution, etc. Bombay
Name of publisher, distributor, etc. McGraw-Hill
Date of publication, distribution, etc. 1972
300 ## - PHYSICAL DESCRIPTION
Extent 296p.
650 ## - SUBJECT ADDED ENTRY--TOPICAL TERM
Topical term or geographic name entry element Labour Relations - India
Holdings
Withdrawn status Lost status Damaged status Not for loan Permanent Location Current Location Date acquired Full call number Barcode Date last seen Price effective from Koha item type
        Indian Institute of Public Administration Indian Institute of Public Administration 1993-09-14 R71x54 Ag15 47437 2018-07-21 2018-07-21 Book

Powered by Koha